• AIU
  • Tony Wilmot Memorial Library

Prayer is invading the impossible / (Record no. 24135)

MARC details
000 -LEADER
fixed length control field 00414nam a22001571a 4500
003 - CONTROL NUMBER IDENTIFIER
control field NEGST
005 - DATE AND TIME OF LATEST TRANSACTION
control field 20110718125100.0
008 - FIXED-LENGTH DATA ELEMENTS--GENERAL INFORMATION
fixed length control field 030613s1977 nju 001 0 eng d
100 1# - MAIN ENTRY--PERSONAL NAME
Personal name Hayford, Jack W.
245 10 - TITLE STATEMENT
Title Prayer is invading the impossible /
Statement of responsibility, etc Jack W. Hayford.
260 ## - PUBLICATION, DISTRIBUTION, ETC. (IMPRINT)
Place of publication, distribution, etc Plainfied, NJ :
Name of publisher, distributor, etc Lagos,
Date of publication, distribution, etc c1977.
300 ## - PHYSICAL DESCRIPTION
Extent 150p.
590 ## - LOCAL NOTE (RLIN)
Local note Accession number: 19537
650 #0 - SUBJECT ADDED ENTRY--TOPICAL TERM
Topical term or geographic name as entry element Prayer.
Holdings
Withdrawn status Lost status Source of classification or shelving scheme Damaged status Not for loan Collection code Home library Current library Shelving location Date acquired Cost, normal purchase price Total Checkouts Full call number Barcode Date last seen Copy number Price effective from Koha item type
    Library of Congress Classification     General Circulation AIU/NEGST - Tony Wilmot Memorial Library AIU/NEGST - Tony Wilmot Memorial Library General Stacks 10/27/2009 13.50   BV 210.2.H39 1977 R03933W3232 09/26/2019 1 10/27/2009 Books